书目信息 |
| 题名: |
咨询实务新论
|
|
| 作者: | 王汉栋 编著 | |
| 分册: | ||
| 出版信息: | 上海 上海科学技术文献出版社 2002.06 |
|
| 页数: | 146页 | |
| 开本: | 20cm | |
| 丛书名: | ||
| 单 册: | ||
| 中图分类: | C932 | |
| 科图分类: | ||
| 主题词: | 管理学 | |
| 电子资源: | ||
| ISBN: | 7-5439-1989-3 | |
| 000 | 00555nam0 2200193 45 | |
| 001 | 0459324660 | |
| 005 | 2004060916284466 | |
| 010 | @a7-5439-1989-3@dCNY 12.80 | |
| 100 | @a20040609d2002 km y0chiy0120 ea | |
| 101 | 0 | @achi |
| 102 | @aCN@b310000 | |
| 200 | 1 | @a咨询实务新论@AZi Xun Shi Wu Xin Lun@f王汉栋等编著@Fwang han dong deng bian zhu |
| 210 | @a上海@c上海科学技术文献出版社@d2002.06 | |
| 215 | @a146页@d20cm | |
| 606 | 0 | @a管理学 |
| 690 | 1 | @aC932@v4 |
| 701 | 0 | @a王汉栋@Awang han dong@4编著 |
| 801 | 0 | @aCN@bPFT@c20040609 |
| 905 | @a10447@dC932@eW200 | |
| 咨询实务新论/王汉栋等编著.-上海:上海科学技术文献出版社,2002.06 |
| 146页;20cm |
| ISBN 7-5439-1989-3:CNY 12.80 |
| ● |
| 相关链接 |
|
|
|
正题名:咨询实务新论
索取号:C932/W200
 
预约/预借
| 序号 | 登录号 | 条形码 | 馆藏地/架位号 | 状态 | 备注 |
| 1 | 379467 | 203794670 | 社科库509/509社科库 65排2列6层/ [索取号:C932/W200] | 在馆 | |
| 2 | 379468 | 203794689 | 社科库509/509社科库 65排2列6层/ [索取号:C932/W200] | 在馆 | |
| 3 | 379469 | 203794698 | 社科库509/509社科库 65排2列6层/ [索取号:C932/W200] | 在馆 |